00972nam a2200229 a 450000100100000000500170001000800410002704000250006808200160009310000310010924500870014026000280022730000210025549000310027650000740030750400350038159000750041683000380049104900090052995201870053899900170072500003481220200930073923.0111020s1963 sp 000 0 spa d aDO-SdBNPbspacBNPHU axxxxbR722p1 aRoger Riviere, Juan96033110aPsicología de los pueblos : /ccómo son los franceses, alemanes, etc., de hoy. aMadrid :bRialp,c1963. a233 p. ;c23 cm.1 aLibros de periodismo rialp aIncluye referencias bibliográficas y notas al pie de las páginas. aBibliografía : p. 220 - 221. aPerteneció a la biblioteca personal de Juan Isidro Jimenes Grullón 0aLibros de periodismo rialp960332 aBNGR 001050718MOaGRbGRcCTd2011-10-20iLF1l0oxxxx R722pp34812-10r2020-06-25w2020-06-25y1zPerteneció a la biblioteca personal de Juan Isidro Jimenes GrullónZNo se presta c34303d34303